Analýza záväzkov Slovenskej republiky v oblasti obrany v kontexte rodovej rovnosti a dodržiavania ľudských práv žien

Ľudské práva žien v kontexte medzinárodnej bezpečnosti. Strategické dokumenty a medzinárodné záväzky Slovenskej republiky v oblasti rodovej rovnosti. Uplatňovanie rodového hľadiska v Ozbrojených silách Slovenskej republiky.

Guardado en:
Detalles Bibliográficos
Autor principal: Martinská, Mária
Formato: Capítulo de libro
Lenguaje:eslovaco
Materias:
Etiquetas: Agregar Etiqueta
Sin Etiquetas, Sea el primero en etiquetar este registro!

MARC

LEADER 00000naa a2200000 4500
001 0279513
005 20211109071551.2
041 0 |a slo 
044 |a SK 
245 1 0 |a Analýza záväzkov Slovenskej republiky v oblasti obrany v kontexte rodovej rovnosti a dodržiavania ľudských práv žien  |c Mária Martinská 
520 |a Ľudské práva žien v kontexte medzinárodnej bezpečnosti. Strategické dokumenty a medzinárodné záväzky Slovenskej republiky v oblasti rodovej rovnosti. Uplatňovanie rodového hľadiska v Ozbrojených silách Slovenskej republiky. 
610 2 0 |a práva ľudské 
610 2 0 |a ženy 
610 2 0 |a rovnosť rodová 
610 2 0 |a sily ozbrojené 
610 2 0 |a obrana štátu 
610 2 0 |a bezpečnosť medzinárodná 
610 2 0 |a záväzky 
610 2 0 |a Slovensko 
100 1 |a Martinská, Mária